| 000 | 00482nam a22001697a 4500 | ||
|---|---|---|---|
| 999 |
_c524049 _d524049 |
||
| 003 | NUST | ||
| 020 | _c(Hbk) | ||
| 038 | _aShaban | ||
| 082 |
_a954.54918 _bWHE |
||
| 100 |
_aWheelar, Sarmor Taimor _914874 |
||
| 245 |
_awadi sindh aor tahzebein \ _cSarmor Taimor Wheelar |
||
| 260 |
_aLahore -: _bUjala printer, _c2003. |
||
| 300 | _a176 p. ; | ||
| 880 |
_6100-02\r _aسرمورٹیمروھیلر |
||
| 880 |
_6245-02\r _aوادئ سندھ اور تہذیبیں |
||
| 942 |
_2ddc _cBK |
||